000 00207nam a22000857a 4500
008 161015b xxu||||| |||| 00| 0 eng d
100 _9859
_aSewell.A.
245 _aBlack Beauty
260 _aTrall
_bMoody Press
_c1980
999 _c3512
_d3512